| 000 | 00600nam a22002177a 4500 | ||
|---|---|---|---|
| 005 | 20170124110243.0 | ||
| 010 | _aA-248479 | ||
| 020 | _c00.00 | ||
| 035 | _aA-248479 | ||
| 037 | _bCen Lib/Ret | ||
| 040 |
_aDPL _bEN |
||
| 082 |
_a708 _bNAT |
||
| 245 | _aNational Archaelogical museum athens / | ||
| 260 |
_aNew York _bNewsweek _c1979 |
||
| 270 | _bNew York | ||
| 300 |
_a171p. : _c26cm(Hb) _bill. |
||
| 500 | _aincludes bibliographical references index | ||
| 650 |
_aNational museum _996265 |
||
| 650 |
_aNational museum -- Athens _996266 |
||
| 942 |
_2ddc _cEN _h708 _mNAT |
||
| 999 |
_c135330 _d135330 |
||